000 00971nam a2200241Ia 4500
003 GCL
008 140319s9999 xx 000 0 ara d
040 _aGCL /
_cGCL
082 0 4 _a668.65
_bج ص
100 1 _aجعفر طه الهاشمى
245 1 0 _aصناعة مواد المطهرات :
_bمبيدات الجراثيم ومضادات التعفن والمنظفات المنزلية ومبيدات الحشرات المنزلية /
_cجعفر طه الهاشمى
250 _aالاولى
260 _aسوريا :
_bدار الصفدى للطباعة والنشر ،
_c1997
300 _a276 ص ؛
_c24 سم
490 _aسلسلة الصناعات الكيميائية
_v0
650 0 4 _aالصابون
650 0 4 _aالمنظفات
650 0 4 _aالصابون السائل
650 0 4 _aالصابون الصلب
650 0 4 _aالجراثيم - مقاومة
650 0 4 _aمبيدات الحشرات - صناعة وتجارة
942 _2ddc
_cBK
999 _c6439
_d6439